[Event "2. Bundesliga West 2006/2007"]
[Site "?"]
[Date "2006.10.21"]
[Round "1"]
[White "Kanonier, Clemens"]
[Black "Tabernig, Bernhard"]
[Result "0-1"]
[WhiteElo "2094"]
[BlackElo "2292"]
[PlyCount "62"]
[EventDate "2006.??.??"]
[SourceDate "2006.10.21"]

1. d4 d5 2. c4 c6 3. Nc3 dxc4 4. a4 e5 5. Nf3 exd4 6. Nxd4 Bc5 7. e3 Bxd4 8.
exd4 Be6 9. Be2 Nf6 10. O-O Nbd7 11. Re1 O-O 12. Ra3 h6 13. Bf4 Re8 14. Qd2 Qa5
15. Qc1 Qf5 16. Nd1 Nd5 17. Bd2 b5 18. Bf3 N7f6 19. Re5 Qh7 20. axb5 cxb5 21.
Ne3 Rad8 22. Rxa7 Nf4 23. Rxb5 Rxd4 24. Bc3 Rd7 25. Raa5 Nd3 26. Qa1 Ne4 27.
Ra8 Rdd8 28. Rba5 Bc8 29. Nxc4 Nxc3 30. bxc3 Re1+ 31. Qxe1 Nxe1 0-1

[Event "2. Bundesliga West 2006/2007"]
[Site "?"]
[Date "2006.10.21"]
[Round "1"]
[White "Schiestl, Josef"]
[Black "Natter, Markus"]
[Result "1/2-1/2"]
[WhiteElo "2144"]
[BlackElo "2102"]
[PlyCount "36"]
[EventDate "2006.??.??"]
[SourceDate "2006.10.21"]

1. e4 c5 2. Nf3 e6 3. d4 cxd4 4. Nxd4 Bc5 5. Nb3 Bb6 6. Nc3 Ne7 7. Bd3 O-O 8.
O-O Nbc6 9. Re1 f5 10. Be3 Bc7 11. f3 fxe4 12. fxe4 b6 13. Qd2 Bb7 14. Rf1 Ng6
15. Nd4 Qe7 16. Ncb5 Be5 17. c3 a6 18. Nxc6 dxc6 1/2-1/2

[Event "2. Bundesliga West 2006/2007"]
[Site "?"]
[Date "2006.10.21"]
[Round "1"]
[White "Klocker, Benedikt"]
[Black "Kroell, Johannes"]
[Result "0-1"]
[WhiteElo "2028"]
[BlackElo "2176"]
[PlyCount "56"]
[EventDate "2006.??.??"]
[SourceDate "2006.10.21"]

1. e4 g6 2. d4 Bg7 3. c4 Nc6 4. Be3 e5 5. d5 Nd4 6. Ne2 c5 7. dxc6 dxc6 8. Nbc3
Be6 9. b3 Qa5 10. Bd2 Qc7 11. Nc1 O-O-O 12. Bd3 f5 13. f3 f4 14. O-O g5 15. b4
Nf6 16. c5 g4 17. b5 Bf8 18. b6 axb6 19. cxb6 Qxb6 20. Kh1 gxf3 21. gxf3 Bh3
22. Rg1 Qc7 23. Bf1 Bxf1 24. Rxf1 Bc5 25. Rb1 Rhg8 26. N1e2 Qd7 27. Ng1 Qg7 28.
Rf2 Nb3 0-1

[Event "2. Bundesliga West 2006/2007"]
[Site "?"]
[Date "2006.10.21"]
[Round "1"]
[White "Platzgummer, Fabian"]
[Black "Ausserer, Felix"]
[Result "1/2-1/2"]
[WhiteElo "2044"]
[BlackElo "1879"]
[PlyCount "136"]
[EventDate "2006.??.??"]
[SourceDate "2006.10.21"]

1. e4 c5 2. Nf3 d6 3. d4 cxd4 4. Nxd4 Nf6 5. Nc3 g6 6. f4 Bg7 7. e5 dxe5 8.
fxe5 Ng8 9. Bb5+ Bd7 10. e6 Bxb5 11. exf7+ Kxf7 12. Ncxb5 a6 13. Qf3+ Nf6 14.
Qb3+ Qd5 15. Nc7 Qxb3 16. axb3 Ra7 17. Ndb5 Nc6 18. Nxa7 Nxa7 19. O-O Rc8 20.
Bf4 Nc6 21. Bg3 Nd4 22. Kh1 Nxc2 23. Rac1 Nd4 24. Ne6 Rxc1 25. Ng5+ Kg8 26.
Rxc1 Bh6 27. Rc8+ Kg7 28. Be5 Bxg5 29. Bxd4 Bf4 30. g3 Bd6 31. Rd8 Kf7 32. Bxf6
Kxf6 33. Rd7 b6 34. Rb7 Bc5 35. b4 Bd4 36. Kg2 h5 37. Kf3 e5 38. h3 Kf5 39. g4+
hxg4+ 40. hxg4+ Kg5 41. b3 Kf6 42. Ra7 Kg5 43. Rxa6 Kf6 44. Ra2 Kg5 45. Re2 Bc3
46. Re4 Bd4 47. Ke2 Kf6 48. Kd3 Kg5 49. Kc4 Bb2 50. Kd5 Kf6 51. Rc4 Bd4 52.
Rc6+ Kg5 53. Rd6 Kh6 54. Ke6 Kg5 55. Kf7 Kxg4 56. Rxg6+ Kf5 57. Rf6+ Ke4 58.
Ke6 Kd3 59. Rf3+ Kc2 60. Kd5 Kb2 61. b5 Ka3 62. Kc4 Kb2 63. b4 Ka2 64. Rh3 Kb2
65. Rh2+ Ka3 66. Re2 Ba1 67. Re3+ Ka2 68. Kd5 Bd4 1/2-1/2

[Event "2. Bundesliga West 2006/2007"]
[Site "?"]
[Date "2006.10.21"]
[Round "1"]
[White "Medvegy, Zoltan"]
[Black "Dobosz, Henryk"]
[Result "1/2-1/2"]
[WhiteElo "2518"]
[BlackElo "2419"]
[PlyCount "89"]
[EventDate "2006.??.??"]
[SourceDate "2006.10.21"]

1. e4 e6 2. d4 d5 3. Nc3 Bb4 4. e5 b6 5. Nf3 Qd7 6. Bd3 Ba6 7. O-O c5 8. Bxa6
Nxa6 9. Ne2 c4 10. Nf4 Nc7 11. c3 Bf8 12. b3 Qc6 13. a4 Ne7 14. Nd2 cxb3 15.
Qxb3 h5 16. Ba3 g6 17. c4 Bh6 18. cxd5 Ncxd5 19. Rac1 Qd7 20. Nxd5 Nxd5 21.
Rfd1 Bf8 22. Ne4 Be7 23. Bxe7 Qxe7 24. Nd6+ Kf8 25. f4 f5 26. Qf3 Kg7 27. Rc6
Rad8 28. Rdc1 Rd7 29. Qg3 Kh7 30. R1c4 h4 31. Qf2 Kg7 32. h3 Rc7 33. Rxc7 Nxc7
34. Qc2 Nd5 35. Qc1 Rd8 36. Rc6 Qd7 37. Kf2 Nxf4 38. Qxf4 Qxc6 39. Qxh4 Qd7 40.
Qf6+ Kh7 41. d5 exd5 42. Nf7 Re8 43. Ng5+ Kh6 44. Nf7+ Kh7 45. Ng5+ 1/2-1/2

[Event "2. Bundesliga West 2006/2007"]
[Site "?"]
[Date "2006.10.21"]
[Round "1"]
[White "Eisenbeiser, Amadeus"]
[Black "Dovzik, Juri"]
[Result "1/2-1/2"]
[WhiteElo "2352"]
[BlackElo "2416"]
[PlyCount "45"]
[EventDate "2006.??.??"]
[SourceDate "2006.10.21"]

1. e4 c5 2. c4 Nc6 3. Ne2 Nf6 4. Nbc3 e6 5. d4 cxd4 6. Nxd4 Bb4 7. Nxc6 bxc6 8.
Bd3 e5 9. O-O O-O 10. Qc2 d6 11. Rb1 h6 12. a3 Bc5 13. Ne2 Qe7 14. b4 Bb6 15.
Bb2 Re8 16. Rfc1 Bc7 17. Nc3 Be6 18. a4 Rac8 19. Ba3 Nh5 20. Ne2 Nf6 21. Nc3
Nh5 22. Ne2 Nf6 23. Nc3 1/2-1/2

[Event "2. Bundesliga West 2006/2007"]
[Site "?"]
[Date "2006.10.21"]
[Round "1"]
[White "Webersberger, Johann"]
[Black "Schmidlechner, Alexander"]
[Result "1-0"]
[WhiteElo "2264"]
[BlackElo "2246"]
[PlyCount "29"]
[EventDate "2006.??.??"]
[SourceDate "2006.10.21"]

1. e4 c5 2. Nc3 Nc6 3. Nf3 e5 4. Bc4 d6 5. d3 Be7 6. Nd2 Nf6 7. Nf1 Bg4 8. f3
Be6 9. Ne3 O-O 10. O-O Nd4 11. Ncd5 b5 12. Nxf6+ Bxf6 13. Bd5 Rc8 14. c3 Bxd5
15. exd5 1-0

[Event "2. Bundesliga West 2006/2007"]
[Site "?"]
[Date "2006.10.21"]
[Round "1"]
[White "Scheffknecht, Philipp"]
[Black "Zoister, Stefan"]
[Result "1/2-1/2"]
[WhiteElo "2178"]
[BlackElo "2257"]
[PlyCount "56"]
[EventDate "2006.??.??"]
[SourceDate "2006.10.21"]

1. d4 Nf6 2. Nf3 e6 3. c4 b6 4. e3 Bb7 5. Bd3 c5 6. O-O Be7 7. Nc3 d5 8. b3 Nc6
9. Bb2 cxd4 10. exd4 O-O 11. Re1 Rc8 12. cxd5 Nxd5 13. Nxd5 Qxd5 14. Be4 Qd8
15. d5 exd5 16. Qxd5 Qxd5 17. Bxd5 Bb4 18. Re4 Bd6 19. Nd4 Na5 20. Bxb7 Nxb7
21. Nf5 f6 22. Re2 Rfe8 23. Rae1 Rxe2 24. Rxe2 Bf8 25. g3 Kf7 26. Kg2 Rc7 27.
Kf3 Rd7 28. Nd4 Nc5 1/2-1/2

[Event "2. Bundesliga West 2006/2007"]
[Site "?"]
[Date "2006.10.21"]
[Round "1"]
[White "Riediger, Martin"]
[Black "Kranz, Armin"]
[Result "0-1"]
[WhiteElo "2310"]
[BlackElo "2163"]
[PlyCount "130"]
[EventDate "2006.??.??"]
[SourceDate "2006.10.21"]

1. e4 e5 2. Nf3 Nf6 3. Nxe5 d6 4. Nf3 Nxe4 5. Qe2 Qe7 6. d3 Nf6 7. Bg5 Nbd7 8.
Nc3 Qxe2+ 9. Bxe2 Be7 10. O-O-O O-O 11. Rhe1 Nc5 12. h3 Bd7 13. d4 Ne6 14. Be3
d5 15. a3 c6 16. Ne5 b5 17. g4 Rfd8 18. f4 b4 19. Nb1 bxa3 20. Nxa3 Ne4 21. Bf3
Nc3 22. bxc3 Bxa3+ 23. Kd2 Be8 24. f5 Nc7 25. g5 Nb5 26. Rb1 a5 27. f6 Bf8 28.
Kd3 a4 29. Ra1 a3 30. h4 a2 31. h5 Ra3 32. Kd2 Nxc3 33. g6 fxg6 34. f7+ Bxf7
35. hxg6 Bxg6 36. Bg5 Rb8 37. Nxg6 hxg6 38. Bg4 Ne4+ 39. Rxe4 Bb4+ 40. Ke2 dxe4
41. Be6+ Kf8 42. Rxa2 Rxa2 43. Bxa2 Bc3 44. Ke3 Rb4 45. Kxe4 Bxd4 46. Kf3 Rb2
47. Bb3 Ke8 48. Ke4 Bf6 49. Be3 Kd7 50. Bc5 Rb1 51. Bc4 Ra1 52. Bf7 g5 53. Bh5
Ra4+ 54. Kd3 g4 55. Bg6 Ke6 56. Be4 Rxe4 57. Kxe4 Be5 58. Bb6 g6 59. Ba7 Bd6
60. Bd4 g3 61. c3 Be7 62. c4 Bb4 63. Bg7 Be1 64. Bb2 Bf2 65. Kf3 Kf5 0-1

[Event "2. Bundesliga West 2006/2007"]
[Site "?"]
[Date "2006.10.21"]
[Round "1"]
[White "Wallis, Anton"]
[Black "Frühauf, Norbert"]
[Result "1/2-1/2"]
[WhiteElo "2161"]
[BlackElo "2102"]
[PlyCount "58"]
[EventDate "2006.??.??"]
[SourceDate "2006.10.21"]

1. e4 e5 2. Nf3 Nc6 3. Bb5 a6 4. Ba4 Nf6 5. O-O b5 6. Bb3 Be7 7. Re1 O-O 8. h3
d6 9. c3 Na5 10. Bc2 c5 11. d4 Qc7 12. Nbd2 Re8 13. Nf1 g6 14. a4 Bd7 15. axb5
axb5 16. Bg5 Nc4 17. b3 Rxa1 18. Qxa1 Nb6 19. dxe5 dxe5 20. Ne3 c4 21. bxc4
Nxc4 22. Nxc4 bxc4 23. Qa6 Be6 24. Qb5 Nd7 25. Bxe7 Rxe7 26. Ng5 f6 27. Nxe6
Rxe6 28. Ra1 Rd6 29. Rd1 Nb6 1/2-1/2

[Event "2. Bundesliga West 2006/2007"]
[Site "?"]
[Date "2006.10.22"]
[Round "2"]
[White "Gatterer, Florian"]
[Black "Pitschka, Klaus"]
[Result "1/2-1/2"]
[WhiteElo "2206"]
[BlackElo "2279"]
[PlyCount "100"]
[EventDate "2006.??.??"]
[SourceDate "2006.10.21"]

1. b3 d5 2. Bb2 Nf6 3. f4 d4 4. Nf3 c5 5. g3 Nc6 6. Na3 g6 7. Bg2 Bg7 8. O-O
O-O 9. Nc4 Nd7 10. e3 e5 11. fxe5 Ndxe5 12. Nfxe5 Nxe5 13. Nxe5 Bxe5 14. Qf3
Rb8 15. Qd5 Qxd5 16. Bxd5 Bf5 17. exd4 Bxd4+ 18. Bxd4 cxd4 19. c4 dxc3 20. dxc3
b5 21. Rae1 Rfe8 22. Bc6 Rec8 23. Bd5 Re8 24. Kf2 Rbc8 25. Rxe8+ Rxe8 26. Re1
Be6 27. Bxe6 fxe6 28. Ke3 Rd8 29. Rf1 Kg7 30. c4 bxc4 31. bxc4 e5 32. c5 Rc8
33. Rc1 Kf6 34. Ke4 Ke6 35. c6 Rc7 36. h4 Kd6 37. g4 a5 38. h5 gxh5 39. gxh5
Rxc6 40. Rxc6+ Kxc6 41. Kxe5 Kc5 42. a3 a4 43. h6 Kc4 44. Kf6 Kd5 45. Kf7 Kd6
46. Kf6 Kd7 47. Kf7 Kd6 48. Kg8 Ke6 49. Kg7 Ke7 50. Kh8 Kf8 1/2-1/2

[Event "2. Bundesliga West 2006/2007"]
[Site "?"]
[Date "2006.10.22"]
[Round "2"]
[White "Fruehauf, Norbert"]
[Black "Pascal, Levy"]
[Result "1/2-1/2"]
[WhiteElo "2102"]
[BlackElo "2033"]
[PlyCount "108"]
[EventDate "2006.??.??"]
[SourceDate "2006.10.21"]

1. e4 g6 2. d4 Bg7 3. Nf3 d6 4. c4 Nf6 5. Nc3 O-O 6. Be2 e5 7. Be3 exd4 8. Nxd4
c6 9. O-O Qc7 10. Rc1 Nbd7 11. h3 Nc5 12. Qc2 Re8 13. Bf3 a5 14. b3 h6 15. Rcd1
Nfd7 16. g3 Nf6 17. Bg2 Be6 18. Kh2 Rad8 19. Rd2 Rd7 20. Rfd1 Nh5 21. Nde2 Na6
22. Nf4 Nb4 23. Qb2 Nf6 24. a3 Na6 25. Qc2 g5 26. Nxe6 Rxe6 27. Ne2 Re8 28. Nd4
Nc5 29. f3 Ne6 30. Nf5 Red8 31. b4 axb4 32. axb4 d5 33. cxd5 cxd5 34. Qxc7 Nxc7
35. e5 Nfe8 36. f4 Bf8 37. fxg5 Bxb4 38. Nxh6+ Kg7 39. Rb2 Bc3 40. Rxb7 Bxe5
41. Ng4 Bc3 42. Bf4 Kf8 43. Ne5 Bxe5 44. Bxe5 Ne6 45. Rxd7 Rxd7 46. h4 N8c7 47.
Kh3 Kg8 48. Kg4 d4 49. Bc6 Rd8 50. h5 Nd5 51. Bxd5 Rxd5 52. Bf6 d3 53. Kf3
Nxg5+ 54. Bxg5 Rxg5 1/2-1/2

[Event "2. Bundesliga West 2006/2007"]
[Site "?"]
[Date "2006.10.22"]
[Round "2"]
[White "Kanonier, Clemens"]
[Black "Schmidlechner, Alexander"]
[Result "1-0"]
[WhiteElo "2094"]
[BlackElo "2246"]
[PlyCount "89"]
[EventDate "2006.??.??"]
[SourceDate "2006.10.21"]

1. d4 f5 2. c4 Nf6 3. Nc3 g6 4. g3 Bg7 5. Bg2 d6 6. Nh3 O-O 7. O-O Na6 8. Qc2
c5 9. d5 Nc7 10. Nf4 Rb8 11. Rb1 b5 12. cxb5 Nxb5 13. Nxb5 Rxb5 14. Bd2 Bd7 15.
h4 Qc8 16. Bc3 Qa6 17. Rfe1 Rb7 18. h5 g5 19. Ne6 Bxe6 20. dxe6 Nxh5 21. Bxg7
Nxg7 22. Bxb7 Qxb7 23. Qc4 Qb4 24. Qxb4 cxb4 25. e4 f4 26. e5 d5 27. Rbd1 Rd8
28. gxf4 gxf4 29. Re4 Nxe6 30. Rxb4 Kf7 31. Rb7 a6 32. Ra7 d4 33. Rxa6 Rg8+ 34.
Kf1 Rg5 35. Ra5 Kg6 36. b4 Rh5 37. Ke2 Kf5 38. b5 f3+ 39. Kxf3 Rh3+ 40. Ke2 d3+
41. Kd2 Nc5 42. b6 Ne4+ 43. Kc1 d2+ 44. Rxd2 Nxd2 45. Kxd2 1-0

[Event "2. Bundesliga West 2006/2007"]
[Site "?"]
[Date "2006.10.22"]
[Round "2"]
[White "Ladenhauf, Gideon"]
[Black "Heilinger, Dietmar"]
[Result "0-1"]
[WhiteElo "1820"]
[BlackElo "2142"]
[PlyCount "40"]
[EventDate "2006.??.??"]
[SourceDate "2006.10.21"]

1. d4 e6 2. c4 b6 3. Nc3 Bb7 4. e3 Nf6 5. Nf3 Bb4 6. Bd3 Ne4 7. Qc2 f5 8. a3
Bxc3+ 9. bxc3 O-O 10. O-O d6 11. Nd2 Qh4 12. g3 Ng5 13. d5 Nh3+ 14. Kg2 Qh5 15.
e4 fxe4 16. Bxe4 Ng5 17. Re1 Nd7 18. Bd3 exd5 19. Bf5 dxc4+ 20. Kg1 Rxf5 0-1

[Event "2. Bundesliga West 2006/2007"]
[Site "?"]
[Date "2006.10.22"]
[Round "2"]
[White "Blaskowski, Johannes"]
[Black "Panteleev, Petar"]
[Result "1-0"]
[WhiteElo "2342"]
[BlackElo "2315"]
[PlyCount "81"]
[EventDate "2006.??.??"]
[SourceDate "2006.10.21"]

1. e4 e5 2. Nf3 Nc6 3. Bc4 Be7 4. d4 d6 5. O-O Nf6 6. dxe5 dxe5 7. Qe2 O-O 8.
Rd1 Qe8 9. h3 Bd6 10. Nc3 a6 11. Bg5 Nd7 12. Rxd6 cxd6 13. Nd5 Nd4 14. Nxd4
exd4 15. Be7 b5 16. Bb3 Nc5 17. Bxd6 Qxe4 18. Qxe4 Nxe4 19. Bxf8 Kxf8 20. Rd1
Nc5 21. Rxd4 Be6 22. Nc7 Rc8 23. Nxe6+ fxe6 24. c3 Ke7 25. Bc2 h6 26. Kf1 e5
27. Rg4 g5 28. h4 Kf6 29. hxg5+ hxg5 30. Rg3 Rd8 31. Rf3+ Ke7 32. Rf5 Ke6 33.
Ke2 Na4 34. Rxg5 Nxb2 35. Rg6+ Kd5 36. Rxa6 Rc8 37. Bb3+ Ke4 38. Rb6 Rxc3 39.
Rxb5 Nd3 40. Kd2 Kd4 41. Rd5+ 1-0

[Event "2. Bundesliga West 2006/2007"]
[Site "?"]
[Date "2006.10.22"]
[Round "2"]
[White "Walkner, Olga"]
[Black "Neuschmied, Siegfried"]
[Result "*"]
[WhiteElo "2135"]
[BlackElo "2295"]
[PlyCount "60"]
[EventDate "2006.??.??"]
[SourceDate "2006.10.21"]

1. e4 g6 2. g3 Bg7 3. Bg2 c5 4. Ne2 Nc6 5. c4 d6 6. d3 Bd7 7. Nbc3 Qc8 8. Be3
Bh3 9. Bxh3 Qxh3 10. Nf4 Qd7 11. Qd2 e6 12. f3 Nge7 13. O-O O-O 14. Rab1 b6 15.
a3 a5 16. Nb5 Rab8 17. Rfd1 d5 18. Qf2 d4 19. Bd2 f5 20. exf5 Rxf5 21. Qe2 Ne5
22. Rf1 Rbf8 23. Nxe6 Qxe6 24. f4 N7c6 25. fxe5 Rxe5 26. Rxf8+ Bxf8 27. Qf3 Rf5
28. Qg2 Ne5 29. Nc7 Qf7 30. Nd5 Nf3+ *

[Event "2. Bundesliga West 2006/2007"]
[Site "?"]
[Date "2006.10.22"]
[Round "2"]
[White "Hamberger, Hermann"]
[Black "Mittelberger, Peter"]
[Result "1/2-1/2"]
[WhiteElo "2105"]
[BlackElo "2244"]
[PlyCount "63"]
[EventDate "2006.??.??"]
[SourceDate "2006.10.21"]

1. e4 d6 2. d4 Nf6 3. Nc3 g6 4. f4 Bg7 5. Nf3 c5 6. dxc5 Qa5 7. Bd3 Qxc5 8. Qe2
O-O 9. Be3 Qa5 10. O-O Bg4 11. h3 Bxf3 12. Qxf3 Nc6 13. a3 Nd7 14. Bd2 Rac8 15.
Kh1 Nd4 16. Qf2 Nc5 17. Nd5 Qd8 18. Bc3 Nxd3 19. cxd3 Nb3 20. Bxg7 Kxg7 21.
Rae1 e6 22. Ne3 Nc5 23. Rd1 d5 24. exd5 exd5 25. f5 d4 26. Ng4 h5 27. f6+ Kh7
28. Ne5 Qd5 29. Rde1 Rce8 30. Qg3 Re6 31. Rf5 Rg8 32. Qh4 1/2-1/2

[Event "2. Bundesliga West 2006/2007"]
[Site "?"]
[Date "2006.10.22"]
[Round "2"]
[White "Ljubic, Juro"]
[Black "Thoeny, Hermann"]
[Result "1/2-1/2"]
[WhiteElo "2216"]
[BlackElo "2175"]
[PlyCount "61"]
[EventDate "2006.??.??"]
[SourceDate "2006.10.21"]

1. e4 e6 2. d3 d5 3. Qe2 Nf6 4. Nf3 Be7 5. g3 b6 6. Bg2 dxe4 7. dxe4 Ba6 8. c4
Bb7 9. e5 Nfd7 10. O-O c5 11. Nc3 Nc6 12. Rd1 h6 13. b3 a6 14. Bb2 Qc7 15. Ne4
O-O 16. Nd6 Rab8 17. Nxb7 Rxb7 18. Nd2 Rbb8 19. f4 Rbd8 20. Ne4 Ndb8 21. Qg4
Rxd1+ 22. Rxd1 Rd8 23. Rxd8+ Qxd8 24. f5 exf5 25. Qxf5 Nd4 26. Qh5 Nd7 27. Nd6
Nxe5 28. Qxe5 Qxd6 29. Bxd4 Qxd4+ 30. Qxd4 cxd4 31. Kf2 1/2-1/2

[Event "2. Bundesliga West 2006/2007"]
[Site "?"]
[Date "2006.10.22"]
[Round "2"]
[White "Zelcic, Robert"]
[Black "Ivanov, Mikhail M"]
[Result "1-0"]
[WhiteElo "2563"]
[BlackElo "2425"]
[PlyCount "85"]
[EventDate "2006.??.??"]
[SourceDate "2006.10.21"]

1. e4 c5 2. Nf3 a6 3. c3 e6 4. d4 d5 5. e5 Bd7 6. Be2 cxd4 7. cxd4 Bb5 8. Bxb5+
axb5 9. O-O Nc6 10. Nc3 Ra5 11. Bd2 Nge7 12. a3 Nf5 13. b4 Ra8 14. Nxb5 Qb6 15.
Qe2 Be7 16. Qd3 h5 17. Rfd1 O-O 18. Bg5 Qa6 19. Bxe7 Nfxe7 20. Rac1 Nf5 21. Rc5
Na7 22. Nc7 Qxd3 23. Rxd3 Rab8 24. b5 b6 25. Rcc3 Rfc8 26. a4 Rb7 27. Na6 Rxc3
28. Rxc3 g5 29. Nxg5 Nxd4 30. Kf1 Kg7 31. Nf3 Nf5 32. Ne1 f6 33. f4 fxe5 34.
fxe5 Kg6 35. Nf3 d4 36. Rc7 Ne3+ 37. Ke2 Rxc7 38. Nxc7 Nc4 39. Nxe6 Nb2 40.
Nfxd4 Nxa4 41. Nf4+ Kg5 42. Nd5 Nc8 43. e6 1-0

[Event "2. Bundesliga West 2006/2007"]
[Site "?"]
[Date "2006.10.22"]
[Round "2"]
[White "Drabke, Lorenz"]
[Black "Medvegy, Zoltan"]
[Result "1/2-1/2"]
[WhiteElo "2386"]
[BlackElo "2518"]
[PlyCount "50"]
[EventDate "2006.??.??"]
[SourceDate "2006.10.21"]

1. e4 c5 2. Nf3 e6 3. c4 Nc6 4. Nc3 Nd4 5. Nxd4 cxd4 6. Ne2 Qb6 7. g3 h5 8. h3
h4 9. g4 g5 10. Bg2 e5 11. O-O Ne7 12. d3 f6 13. a3 Ng6 14. Qc2 Qc7 15. a4 Qa5
16. Bd2 Bb4 17. Bxb4 Qxb4 18. a5 b5 19. axb6 Qxb6 20. Rfb1 Bb7 21. b4 a6 22.
Nc1 Bc6 23. Qd2 Kf7 24. Nb3 Nf4 25. Na5 Kg7 1/2-1/2

[Event "2. Bundesliga West 2006/2007"]
[Site "?"]
[Date "2006.10.22"]
[Round "2"]
[White "Burschowsky, Matthias"]
[Black "Riediger, Martin"]
[Result "1/2-1/2"]
[WhiteElo "2211"]
[BlackElo "2310"]
[PlyCount "34"]
[EventDate "2006.??.??"]
[SourceDate "2006.10.21"]

1. Nf3 d5 2. c4 c6 3. b3 Bg4 4. e3 e6 5. Bb2 Nf6 6. Be2 Nbd7 7. O-O Bd6 8. d3
O-O 9. Nc3 Qe7 10. Rc1 Rfe8 11. Nd4 Bxe2 12. Qxe2 g6 13. Nf3 dxc4 14. bxc4 e5
15. Ng5 Nc5 16. Rfd1 h6 17. Nf3 Rad8 1/2-1/2

[Event "2. Bundesliga West 2006/2007"]
[Site "?"]
[Date "2006.10.22"]
[Round "2"]
[White "Dobosz, Henryk"]
[Black "Novkovic, Julia"]
[Result "1-0"]
[WhiteElo "2419"]
[BlackElo "2158"]
[PlyCount "73"]
[EventDate "2006.??.??"]
[SourceDate "2006.10.21"]

1. Nf3 d6 2. d4 f5 3. g3 g6 4. Bg2 Bg7 5. O-O c6 6. b3 Nf6 7. Bb2 O-O 8. Qd3
Nbd7 9. Nbd2 Nb6 10. c4 Nh5 11. e3 e5 12. e4 fxe4 13. Qxe4 d5 14. cxd5 cxd5 15.
Qe3 e4 16. Ne5 Bf6 17. f3 Bg5 18. Qe2 e3 19. f4 exd2 20. fxg5 Qxg5 21. Rxf8+
Kxf8 22. Bc3 Kg8 23. Bxd2 Qe7 24. Re1 Ng7 25. Ng4 Qxe2 26. Nh6+ Kh8 27. Rxe2
Be6 28. Bg5 Nd7 29. Rc2 a5 30. Rc7 a4 31. bxa4 Ne8 32. Rc2 Nd6 33. Rc7 Ne8 34.
Rxb7 Rxa4 35. Bxd5 Bxd5 36. Rxd7 Bc6 37. Rf7 1-0

[Event "2. Bundesliga West 2006/2007"]
[Site "?"]
[Date "2006.10.22"]
[Round "2"]
[White "Hugentobler, Patrick"]
[Black "Gross, David"]
[Result "*"]
[WhiteElo "2236"]
[BlackElo "2478"]
[PlyCount "62"]
[EventDate "2006.??.??"]
[SourceDate "2006.10.21"]

1. e4 c5 2. Nf3 d6 3. d4 cxd4 4. Nxd4 Nf6 5. Nc3 e6 6. Bc4 Be7 7. Be3 O-O 8.
Bb3 Na6 9. O-O Nc5 10. f3 Bd7 11. Qd2 a6 12. Rfd1 b5 13. a3 Qb8 14. Ba2 a5 15.
Nb3 Nxb3 16. Bxb3 Rd8 17. a4 b4 18. Ne2 Be8 19. Qd4 Nd7 20. Qd2 Nc5 21. Nd4
Nxb3 22. Nxb3 d5 23. exd5 Rxd5 24. Qe2 Qe5 25. Rxd5 Qxd5 26. Bd4 Bc6 27. Qe5
Qxe5 28. Bxe5 Bd5 29. Rd1 f6 30. Bd4 Bxb3 31. cxb3 Rd8 *

[Event "2. Bundesliga West 2006/2007"]
[Site "?"]
[Date "2006.10.22"]
[Round "2"]
[White "Dovzik, Juri"]
[Black "Gaertner, Guntram"]
[Result "1/2-1/2"]
[WhiteElo "2416"]
[BlackElo "2331"]
[PlyCount "65"]
[EventDate "2006.??.??"]
[SourceDate "2006.10.21"]

1. Nf3 d5 2. g3 Nf6 3. Bg2 c6 4. O-O Bf5 5. d3 e6 6. Be3 h6 7. c4 dxc4 8. dxc4
Qxd1 9. Rxd1 Nbd7 10. Nd4 Be4 11. Bh3 Bxb1 12. Raxb1 O-O-O 13. f3 Bc5 14. Bf2
Bxd4 15. Bxd4 c5 16. Bc3 Nb8 17. f4 Nc6 18. Bg2 Nd4 19. Rd2 Nf5 20. Rbd1 Rxd2
21. Rxd2 Ne3 22. Rd3 Nxg2 23. Kxg2 Rg8 24. Bxf6 gxf6 25. Kf3 h5 26. e4 Kc7 27.
h3 a6 28. a4 b6 29. b3 Kc6 30. Rd1 Kc7 31. Rd3 Kc6 32. Rd2 Kc7 33. Rd3 1/2-1/2

[Event "2. Bundesliga West 2006/2007"]
[Site "?"]
[Date "2006.10.22"]
[Round "2"]
[White "Grabher, Heinz"]
[Black "Webersberger, Johann"]
[Result "1/2-1/2"]
[WhiteElo "2311"]
[BlackElo "2264"]
[PlyCount "48"]
[EventDate "2006.??.??"]
[SourceDate "2006.10.21"]

1. e4 c6 2. d4 d5 3. Nc3 dxe4 4. Nxe4 Bf5 5. Ng3 Bg6 6. h4 h6 7. Nf3 Nd7 8. h5
Bh7 9. Bd3 Bxd3 10. Qxd3 Ngf6 11. Bd2 e6 12. O-O-O Qc7 13. Ne4 O-O-O 14. g3
Nxe4 15. Qxe4 Bd6 16. Kb1 Nf6 17. Qe2 c5 18. dxc5 Bxc5 19. Bf4 Bd6 20. Bxd6
Rxd6 21. Rxd6 Qxd6 22. Rd1 Qe7 23. Ne5 Rd8 24. c4 Nd7 1/2-1/2

[Event "2. Bundesliga West 2006/2007"]
[Site "?"]
[Date "2006.10.22"]
[Round "2"]
[White "Zoister, Stefan"]
[Black "Amann, Guenter"]
[Result "1/2-1/2"]
[WhiteElo "2257"]
[BlackElo "2328"]
[PlyCount "42"]
[EventDate "2006.??.??"]
[SourceDate "2006.10.21"]

1. e4 c5 2. Nf3 e6 3. d4 cxd4 4. Nxd4 a6 5. Bd3 Bc5 6. Nb3 Ba7 7. Qe2 Nc6 8.
Be3 Nge7 9. Bxa7 Rxa7 10. N1d2 O-O 11. Qe3 e5 12. Nf3 Ra8 13. O-O-O d6 14. Bc4
b5 15. Bd5 Nxd5 16. Rxd5 Nb4 17. Rd2 Nxa2+ 18. Kb1 Nb4 19. Rhd1 Qc7 20. Qc3 Qc4
21. Rxd6 Bg4 1/2-1/2

[Event "2. Bundesliga West 2006/2007"]
[Site "?"]
[Date "2006.10.22"]
[Round "2"]
[White "Riedl, Johannes"]
[Black "Bawart, Markus"]
[Result "0-1"]
[WhiteElo "2143"]
[BlackElo "2334"]
[PlyCount "62"]
[EventDate "2006.??.??"]
[SourceDate "2006.10.21"]

1. e4 e5 2. Nf3 d6 3. d4 exd4 4. Bc4 Be7 5. c3 Nf6 6. Qxd4 O-O 7. a3 Nc6 8. Qd3
Ng4 9. Ba2 Kh8 10. O-O f5 11. Nbd2 f4 12. Nd4 Nge5 13. Qe2 Qe8 14. f3 Bf6 15.
Rd1 g5 16. b4 Bd7 17. Nc4 Qg6 18. Nxe5 Bxe5 19. Nxc6 bxc6 20. Bb2 Qg7 21. Rac1
a5 22. Bb3 g4 23. Kh1 g3 24. h3 Rf6 25. c4 Rh6 26. Bxe5 Qxe5 27. c5 axb4 28.
axb4 Ra3 29. Bc4 Bxh3 30. gxh3 Rxh3+ 31. Kg1 Rh2 0-1

[Event "2. Bundesliga West 2006/2007"]
[Site "?"]
[Date "2006.10.22"]
[Round "2"]
[White "Jakubovic, Nedzad"]
[Black "Gruber, Michael"]
[Result "1-0"]
[WhiteElo "2138"]
[BlackElo "2394"]
[PlyCount "81"]
[EventDate "2006.??.??"]
[SourceDate "2006.10.21"]

1. e4 c5 2. Nc3 Nc6 3. f4 e6 4. Nf3 d5 5. Bb5 d4 6. Ne2 Nf6 7. Bxc6+ bxc6 8. d3
Be7 9. O-O O-O 10. b3 Nd7 11. g4 f5 12. gxf5 exf5 13. e5 Nb6 14. Bd2 Be6 15.
Qe1 Qe8 16. Qg3 Qh5 17. Kf2 Bd5 18. Rg1 Qxf3+ 19. Qxf3 Bxf3 20. Kxf3 Nd5 21.
Rg2 g6 22. Ng1 Kf7 23. Ke2 Rab8 24. Nf3 Rg8 25. Rag1 Rb6 26. a4 Rbb8 27. h4 h5
28. e6+ Kxe6 29. Rxg6+ Rxg6 30. Rxg6+ Bf6 31. Ne5 Re8 32. Kf3 Ne7 33. Rg2 Bxh4
34. Re2 Kd6 35. b4 Rg8 36. bxc5+ Kxc5 37. Rh2 Bg3 38. Rxh5 Ng6 39. Nxg6 Rxg6
40. Rxf5+ Kd6 41. Rh5 1-0

[Event "2. Bundesliga West 2006/2007"]
[Site "?"]
[Date "2006.10.22"]
[Round "2"]
[White "Klocker, Benedikt"]
[Black "Kranz, Armin"]
[Result "1/2-1/2"]
[WhiteElo "2028"]
[BlackElo "2163"]
[PlyCount "59"]
[EventDate "2006.??.??"]
[SourceDate "2006.10.21"]

1. e4 e5 2. Nf3 Nc6 3. d4 exd4 4. Nxd4 Nf6 5. Nc3 Bb4 6. Nxc6 bxc6 7. Bd3 d5 8.
exd5 cxd5 9. O-O O-O 10. Bg5 c6 11. Qf3 h6 12. Bh4 g5 13. Bg3 Bg4 14. Bc7 Bxf3
15. Bxd8 Raxd8 16. gxf3 Bxc3 17. bxc3 Nh5 18. Rab1 Rb8 19. Rfe1 Nf4 20. h4 Rfe8
21. hxg5 hxg5 22. Rxe8+ Rxe8 23. Rb7 Re1+ 24. Kh2 Nxd3 25. cxd3 Re2 26. Rxa7
Rxf2+ 27. Kg3 Rc2 28. c4 dxc4 29. dxc4 Rxc4 30. Rc7 1/2-1/2